TransCompetition moving beyond competition and collaboration

Gespeichert in:
Bibliographische Detailangaben
1. Verfasser: Robbins, Harvey
Weitere Verfasser: Finley, Michael
Format: Buch
Sprache:Englisch
Veröffentlicht: New York BusinessWeek Books 1998
Schlagworte:
Tags: Tag hinzufügen
Keine Tags, Fügen Sie das erste Tag hinzu!

MARC

LEADER 00000nam a2200000 4500
001 c100883
005 20221221084842.6
020 |a 0-07-053082-3 
041 0 |a eng 
044 |a US 
245 1 0 |a TransCompetition  |b moving beyond competition and collaboration  |c Harvey Robbins and Michael Finley 
264 1 |a New York  |b BusinessWeek Books  |c 1998 
300 |a 251 s. 
610 2 0 |a skupiny pracovné 
610 2 0 |a spolupracovníci 
610 2 0 |a psychológia priemyselná 
610 2 0 |a psychológia podniková 
610 2 0 |a konkurencia 
610 2 0 |a konkurencieschopnosť 
610 2 0 |a kolektív pracovný 
610 2 0 |a správanie 
100 1 |a Robbins, Harvey 
700 1 |a Finley, Michael